Posúdenie možnosti využitia modifikovaného biouhlia na sorpciu špecifických mikropolutantov

Enregistré dans:
Détails bibliographiques
Auteur principal: Bednár, Filip (Auteur)
Autres auteurs: Imreová, Zuzana (Directeur de thèse)
Format: Manuscrit Livre
Langue:slovaque
Publié: 2024
Sujets:
Accès en ligne:http://is.stuba.sk/zp/portal_zp.pl?podrobnosti=176599
Tags: Ajouter un tag
Pas de tags, Soyez le premier à ajouter un tag!

MARC

LEADER 00000ntm a22000003a 4500
001 stuzp97468
003 SK-STU
005 20240601210242.0
007 ta
008 150427s2015----xo-----f-mn---000-0-slo-d
040 |a STU  |b slo 
041 0 |a slo 
100 1 |a Bednár, Filip  |u 046290  |4 aut  |U FCHPT Ústav chemického a environmentálneho inžinierstva  |T FCHPT Oddelenie environmentálneho inžinierstva  |X 104285  |U C6290  |Y 120  |7 104285 
242 0 1 |a Assessment of the possibility of using modified biochar for sorption of specific micropollutants  |y eng 
245 1 0 |a Posúdenie možnosti využitia modifikovaného biouhlia na sorpciu špecifických mikropolutantov 
260 |c 2024 
650 4 |a mikropolutanty  |2 slo 
650 4 |a biouhlie  |2 slo 
650 4 |a modifikované biouhlie  |2 slo 
650 4 |a adsorpcia  |2 slo 
650 4 |a diklofenak  |2 slo 
650 4 |a micropollutants  |2 eng 
650 4 |a biochar  |2 eng 
650 4 |a modified biochar  |2 eng 
650 4 |a adsorption  |2 eng 
650 4 |a diclofenac  |2 eng 
700 1 |a Imreová, Zuzana  |u 046290  |k Z1  |4 ths  |U FCHPT Ústav chemického a environmentálneho inžinierstva  |T FCHPT Oddelenie environmentálneho inžinierstva  |X 25622  |U C6290  |Y 120  |7 A000025622 
856 4 |u http://is.stuba.sk/zp/portal_zp.pl?podrobnosti=176599